header

The osteology of infants and children (Record no. 231725)

MARC details
000 -LEADER
fixed length control field 01644nam a2200421Ia 4500
082 04 - DEWEY DECIMAL CLASSIFICATION NUMBER
Classification number 930.1
100 1# - MAIN ENTRY--AUTHOR NAME
Personal name Baker, Brenda J.
245 14 - TITLE STATEMENT
Title The osteology of infants and children
250 ## - EDITION STATEMENT
Edition statement 1st ed.
260 ## - PUBLICATION, DISTRIBUTION, ETC. (IMPRINT)
Place of publication College Station :
Name of publisher Texas A&M University Press,
Year of publication c2005.
300 ## - PHYSICAL DESCRIPTION
Number of Pages xiii, 178 p. :
Other physical details ill.
490 1# - SERIES STATEMENT
Series statement Texas A & M University anthropology series ;
650 #0 - SUBJECT ADDED ENTRY--TOPICAL TERM
Topical Term Children
Topical Term Infants
Topical Term Fetus
Topical Term Human skeleton
Topical Term Human remains (Archaeology)
700 1# - ADDED ENTRY--PERSONAL NAME
Personal name Dupras, Tosha L.
Personal name Tocheri, Matthew W.
856 40 - ELECTRONIC LOCATION AND ACCESS
Uniform Resource Identifier http://site.ebrary.com/lib/rucke/Doc?id=10463941

No items available.

© 2026 Rongo University
Contact us: librarian | system librarian | Rongo university